| 000 | 00620nam a22001937a 4500 | ||
|---|---|---|---|
| 999 |
_c3842 _d3842 |
||
| 003 | AR-CdUCM | ||
| 008 | 190307b ||||| |||| 00| 0 spa d | ||
| 040 |
_aMUNICIPALIDAD PROVINCIAL DEL CUSCO _cBIBLIOTECA MUNICIPAL DEL CUSCO |
||
| 082 |
_a869.1 / _bM96 |
||
| 100 |
_aMuños F. Rafael _912357 |
||
| 245 |
_aSanta Anna : _bEl dictador resplandeciente / |
||
| 260 |
_aMéxico : _bFondo de Cultura Económica, _c1983. |
||
| 300 |
_a277 páginas ; _c21 cm. |
||
| 650 |
_aLiteratura Méxicana _99769 |
||
| 650 |
_aLiteratura Narrativa _9197 |
||
| 650 |
_aLiteratura Surrealista _912358 |
||
| 942 |
_2ddc _cLIBROS |
||
| 945 | _artm | ||